000 00442nam a2200157Ia 4500
999 _c32650
_d32650
003 OSt
005 20200918111121.0
008 190216s9999||||xx |||||||||||||| ||und||
040 _coclc
082 _a537
_bNIG/M
100 _aNightingale, E
_94727
245 0 _aMagnetism And Electricity /
_cE Nightingale
260 _bG Bell&Sons Ltd,
_aLondon:
_c1958.
300 _a294p
942 _cBK
_2ddc
_h537
_iNIG/M
_k537
_mNIG/M